What I learned on the way to the top /

Bibliographic Details
Main Author: Ziglar, Zig
Format: Book
Published: Oklahoma: Advantage Quest Publication, 2000.
Edition:3rd ed..
Subjects:
LEADER 00589cam a2200205 7i4500
001 0000021553
005 20170925090000.0
005 ##20170925161300.0
003 ##MY-KlINT
020 # # |a 9839214624  
039 # 9 |a 201709251613  |b AUTHORITY  |y 201511041240  |z VLOAD 
090 0 0 |a E 158.1   |b ZIG 
100 1 # |a Ziglar, Zig 
245 1 0 |a What I learned on the way to the top /   |c Zig Ziglar. 
250 # # |a 3rd ed.. 
260 # # |a Oklahoma:   |b Advantage Quest Publication,   |c 2000. 
300 # # |a 221 p.. 
650 # 0 |a Conduct of life --   |x Anecdotes  
650 # 0 |a Success --   |x Anecdotes  
650 # 0 |a Wisdom --   |x Anecdotes